LEADER 01196nam 2200373 450 001 9910130581903321 005 20160621165023.0 010 $a88-95960-01-7 035 $a(CKB)3400000000020788 035 $a(ItFiC)it 08682976 035 $a(EXLCZ)993400000000020788 100 $a20091204d2008 uy 0 101 0 $aita 200 10$aKultur, Zivilisation, Decivilization$b[electronic resource] $el'immaginario sociale moderno di fronte alle sfide della globalizzazione /$fFranco Manti 210 $aGenova $cName$d2008 215 $a102 p 225 0$aLectio magistralis ;$v1 300 $aF. Manti teaches at the University of Genoa. 320 $aIncludes bibliographical references. 517 $aKultur, zivilisation, decivilization 606 $aCivilization$xPhilosophy 606 $aCulture$xPhilosophy 606 $aSocial contract 615 0$aCivilization$xPhilosophy. 615 0$aCulture$xPhilosophy. 615 0$aSocial contract. 676 $a190 700 $aManti$b Franco$0268981 801 0$bItFiC 801 1$bItFiC 906 $aBOOK 912 $a9910130581903321 996 $aKultur, Zivilisation, Decivilization$92431181 997 $aUNINA